Indeliberate Deliberations / (Record no. 167521)
[ view plain ]
| 000 -LEADER | |
|---|---|
| fixed length control field | 00542nam a22001817a 4500 |
| 005 - DATE AND TIME OF LATEST TRANSACTION | |
| control field | 20190906105305.0 |
| 010 ## - LCCN (DPL NO) | |
| LC control number | ENG-126442 |
| 020 ## - INTERNATIONAL STANDARD BOOK NUMBER | |
| Terms of availability | 95.00 |
| International Standard Book Number | 978-93-87348-05-9 |
| 035 ## - SYSTEM CONTROL NUMBER | |
| System control number | EN-109974 |
| 037 ## - SOURCE OF ACQUISITION | |
| Source of stock number/acquisition | DBAD/PUB |
| 082 ## - DEWEY DECIMAL CLASSIFICATION NUMBER | |
| Classification number | 881 |
| 100 ## - MAIN ENTRY--PERSONAL NAME | |
| Personal name | Umatt, Shivansh |
| 245 ## - TITLE STATEMENT | |
| Title | Indeliberate Deliberations / |
| Statement of responsibility, etc | By Shivansh Umatt |
| 260 ## - PUBLICATION, DISTRIBUTION, ETC. (IMPRINT) | |
| Place of publication, distribution, etc | U.P |
| Name of publisher, distributor, etc | Maple press |
| Date of publication, distribution, etc | 2017 |
| 270 ## - ADDRESS | |
| City | Noida |
| Address | A 62, Sector 58 |
| Postal code | 201301 |
| Telephone number | +911204553581 |
| -- | 4553583 |
| Electronic mail address | info@maplepress.co.in |
| 300 ## - PHYSICAL DESCRIPTION | |
| Extent | 55p. |
| Dimensions | 21cm(pbk) |
| 942 ## - ADDED ENTRY ELEMENTS (KOHA) | |
| Source of classification or shelving scheme | Dewey Decimal Classification |
| Item type | English Books |
| Classification part | 881 |
| Call number suffix | UMA |
| Withdrawn status | Lost status | Not for loan | Collection code | Home library | Current library | Date acquired | Source of acquisition | Cost, normal purchase price | Full call number | Barcode | Copy number | Cost, replacement price | Koha item type |
|---|---|---|---|---|---|---|---|---|---|---|---|---|---|
| Non-fiction | Ashok Vihar | Ashok Vihar | 06/09/2019 | DBAD/PUB | 95.00 | 881 UMA | EN-109974 | 1 | 95.00 | English Books |
